Dinâmica I - Statistics

Estatísticas Gerais
  • Esse quiz foi jogado 6 vezes
  • A pontuação média é 5 de 16
Estatísticas das Respostas
Questão Resposta % Correto
Qual é o estado inercial de um corpo? MRU se estiver em movimento e Repouso se estiver parado.
80%
O Princípio Fundamental da dinâmica é uma das leis mais importantes dessa ciência, ela contribui para o entendimento do movimento através da fórmula: R = m.γ, sendo R e γ grandezas vetoriais. As unidades no S.I. de "R", "m" e "γ" são, respectivamente: N, kg e m/s²
80%
Quais são as forças presentes em um corpo em queda livre (adote um sistema desprovido de forças de resistência). Apenas o Peso.
60%
(Extra) Se uma bagagem for solta de um avião em voo, qual será a trajetória da bagagem após a soltura? (Desconsidere as eventuais forças dissipativas) A bagagem seguirá uma trajetória parabólica, com movimento horizontal devido à velocidade do avião e movimento vertical devido à gravidade
40%
Se dois objetos de massas diferentes forem soltos ao mesmo tempo de uma mesma altura, em um ambiente sem resistência do ar, qual será o comportamento desses objetos? Ambos os objetos atingirão o solo ao mesmo tempo, pois a aceleração devido à gravidade é a mesma para todos os objetos.
40%
Aponte os sentidos da seguintes forças: Peso, Normal e Força Elástica. Centro da Terra, Perpendicular ao plano, Sentido de volta ao Equilíbrio.
40%
Uma pessoa aplica uma força à um corpo de 20kg utilizando sua mão, fazendo-o entrar em movimento para frente. A partir do momento em que a pessoa remove a mão, esta força: (Desconsidere as forças de resistência). Deixa de atuar imediatamente pois não têm mais contato com o corpo.
40%
Por que, em um acidente de carro envolvendo um caminhão, o carro pode ficar quase ou completamente destruído enquanto o caminhão geralmente permanece praticamente intacto, dependendo da velocidade" Porque a massa do caminhão é maior e, portanto, sua inércia é maior.
40%
A Intensidade de uma força elástica em molas ideias é medida pela lei de hooke: Fe = K.X Onde: K = Dureza da mola e X = Deformação da mola
20%
Quais as funções das Polias móveis? Mudar o sentido da força e Dividir o peso de um objeto puxado.
20%
Em planos inclinados, temos a decomposição da força peso em 2 elementos: o Px e o Py (que seguem o eixo x e y em relação ao plano) sabendo que θ é o ângulo entre o plano inclinado e o plano normal, assinale a alternativa que tem a fórmula correta para a decomposição do Peso: Px = P.Senθ e Py = P.Cosθ
20%
Em um sistema em repouso, se há uma Corda (fio, cabo, etc) ligado à uma mola ideal a relação entre essas forças é T = Fe
20%
A terceira lei de Newton estabelece o princípio da ação e reação em corpos diferentes, que são forças de mesma intensidade mas sentidos opostos. Assinale a alternativa que apresenta pares de força. Tração AB, Tração BA (mesmo fio).
20%
A Inclinação do gráfico Fe - X indica: Dureza (K)
0%
Um Dinamômetro ligado à um fio que é puxado por 2 pessoas, ambas exercendo uma força de 200N de cada lado. O valor que o dinamômetro medirá, independente do lado que for colocado, será de: T = 200N, já que o instrumento mede a tração de somente um dos blocos
0%
Em um sistema há um fio (a) segurando uma polia e, nessa há um cabo (b) que uma pessoa pode puxar um bloco do lado oposto a ele. O valor da Tração "a" em relação a "b" é: Ta = 2Tb
0%
Nenhum quiz correspondente encontrado
Distribuição das Pontuações
Porcentagem de Pessoas com Cada Pontuação
Percentil de Números Respondidos
Sua Pontuação Histórica
Você não jogou esse quiz